Nghiên cứu tổng hợp muối kim loại từ HCA trong vỏ quả bứa khô

Tổng quan về bộ chè, bứa, dẫn xuất HCA. ác phương pháp kĩ thuật. Thực nghiệm. Kết quả và thảo luận: một số tính chất vật lý của nguyên liệu, khảo sát các yếu tố ảnh hưởng đến tổng lượng axit thu được bằng phương pháp chưng ninh, tổng hợp muối của HCA...

ver descrição completa

Na minha lista:
Detalhes bibliográficos
Autor principal: Nguyễn, Thị Thu Hằng
Outros Autores: Đào, Hùng Cường PGS.TS (Hướng dẫn)
Formato: Livro
Idioma:Vietnamese
Publicado em: Đại học Đà Nẵng Trường đại học Sư Phạm 2009
Colecção:Khóa luận tốt nghiệp đại học. Chuyên ngành: Sư phạm Hóa
Assuntos:
Tags: Adicionar Tag
Sem tags, seja o primeiro a adicionar uma tag!
Thư viện lưu trữ: Mạng thư viện Đại học Đà Nẵng
LEADER 01667nam a2200349 4500
001 000011964
003 8246
005 20120214100213.0
008 120214s2009 viesd
041 |a vie 
072 |a Khóa luận tốt nghiệp 
082 |a 546.24  |b NG-H 
100 |a Nguyễn, Thị Thu Hằng 
245 |a Nghiên cứu tổng hợp muối kim loại từ HCA trong vỏ quả bứa khô  |c Nguyễn, Thị Thu Hằng 
260 |a Đại học Đà Nẵng  |b Trường đại học Sư Phạm  |c 2009 
300 |a 50 tr.  |b hình mhọa  |c 29 cm 
490 |a Khóa luận tốt nghiệp đại học. Chuyên ngành: Sư phạm Hóa 
500 |a Tham khảo tr.49 - 50 
520 |a Tổng quan về bộ chè, bứa, dẫn xuất HCA. ác phương pháp kĩ thuật. Thực nghiệm. Kết quả và thảo luận: một số tính chất vật lý của nguyên liệu, khảo sát các yếu tố ảnh hưởng đến tổng lượng axit thu được bằng phương pháp chưng ninh, tổng hợp muối của HCA 
653 |a Khóa luận tốt nghiệp đại học 
653 |a Khoa Hóa học 
700 |a Đào, Hùng Cường  |c PGS.TS  |e Hướng dẫn 
OWN |a LSP 
AVA |a UDN50  |b LSP  |d 546.24 NG-H  |e available  |t Error 5001 Not defined in file expand_doc_bib_avail.  |f 1  |g 0  |h N  |i 0  |k 1 
999 |a From the UDN01 
AVA |a UDN50  |b LSP  |d 546.24 NG-H  |e available  |t Error 5001 Not defined in file expand_doc_bib_avail.  |f 1  |g 0  |h N  |i 0  |k 1 
TYP |a Monograph 
TYP |a Printed language 
980 |a Mạng thư viện Đại học Đà Nẵng